000 00565nam a2200181Ia 4500
003 GCL
008 140319s9999 xx 000 0 ara d
040 _aGCL /
_cGCL
082 0 4 _a953.122
_bخ ف
100 1 _aخليل ابراهيم ملاخاطر
245 1 0 _aفضائل المدينة المنورة /
_cخليل ابراهيم ملاخاطر
260 _a[S.N] :
_bدار القبلة للثقافة الاسلامية ،
_c1993
300 _a434 ص
490 _a
650 0 4 _aتاريخ
650 0 4 _aالمدينة المنورة
942 _2ddc
_cBK
999 _c52640
_d52640